header

Appraising research in second language learning (Record no. 24548)

MARC details
000 -LEADER
fixed length control field 01519nam a2200349 a 4500
082 04 - DEWEY DECIMAL CLASSIFICATION NUMBER
Classification number 418/.007/2
100 1# - MAIN ENTRY--AUTHOR NAME
Personal name Porte, Graeme Keith.
245 10 - TITLE STATEMENT
Title Appraising research in second language learning
260 ## - PUBLICATION, DISTRIBUTION, ETC. (IMPRINT)
Place of publication Amsterdam ;
-- Philadelphia :
Name of publisher John Benjamins Pub.,
Year of publication c2002.
300 ## - PHYSICAL DESCRIPTION
Number of Pages xx, 267 p. :
Other physical details ill.
490 1# - SERIES STATEMENT
Series statement Language learning and language teaching ;
650 #0 - SUBJECT ADDED ENTRY--TOPICAL TERM
Topical Term Second language acquisition
856 40 - ELECTRONIC LOCATION AND ACCESS
Uniform Resource Identifier http://site.ebrary.com/lib/rucke/Doc?id=10022291

No items available.

© 2026 Rongo University
Contact us: librarian | system librarian | Rongo university